| Tag |
First Indicator |
Second Indicator |
Subfields |
| LEADER |
00000cam a2200000 4500 |
| 001 |
in00000023372 |
| 005 |
20151007064412.0 |
| 008 |
721220s1952 nyu 00000 eng u |
| 010 |
|
|
|a 52013673
|
| 035 |
|
|
|a (OCoLC)00522302
|
| 035 |
|
|
|9 AAD9753AM
|
| 040 |
|
|
|c WSU
|d TXA
|d UtOrBLW
|
| 049 |
|
|
|a TXAM
|c [473695]
|
| 050 |
|
0 |
|a Q175
|b .P75 1952
|
| 092 |
|
|
|a 501
|b P751s, 1952
|
| 100 |
1 |
|
|a Poincaré, Henri,
|d 1854-1912.
|
| 245 |
1 |
0 |
|a Science and hypothesis /
|c with a pref. by J. Larmor.
|
| 250 |
|
|
|a [Paperbound student ed.
|
| 264 |
|
1 |
|a New York] :
|b Dover Publications,
|c [1952]
|
| 300 |
|
|
|a 244 pages
|
| 336 |
|
|
|a text
|b txt
|2 rdacontent
|
| 337 |
|
|
|a unmediated
|b n
|2 rdamedia
|
| 338 |
|
|
|a volume
|b nc
|2 rdacarrier
|
| 536 |
|
|
|a From the library of Dr. James H. Copp, February 2004.
|
| 650 |
|
0 |
|a Science
|x Philosophy.
|
| 650 |
|
0 |
|a Mathematics
|x Philosophy.
|
| 999 |
|
|
|a MARS
|
| 999 |
f |
f |
|s 3bc7d33d-f716-3857-9f32-b950e8b2e7a5
|i 12e487fb-5a75-3ad3-b94d-6f815807cf22
|t 0
|
| 952 |
f |
f |
|p normal
|a Texas A&M University
|b College Station
|c Sterling C. Evans Library
|d Evans: Library Stacks
|t 0
|e Q175 .P75 1952
|h Library of Congress classification
|i unmediated -- volume
|m A14800891458
|
| 998 |
f |
f |
|a Q175 .P75 1952
|t 0
|l Evans: Library Stacks
|